Countries with Wild Rhinos - Statistics

General Stats
  • This quiz has been taken 229 times
  • The average score is 11 of 14
Answer Stats
Species Country % Correct
White Rhino, Black Rhino South Africa
92%
White Rhino, Black Rhino Kenya
91%
Black Rhino Tanzania
90%
White Rhino, Black Rhino Zimbabwe
90%
White Rhino, Black Rhino Namibia
89%
White Rhino, Black Rhino Zambia
88%
Greater one-horned Rhino India
87%
White Rhino, Black Rhino Botswana
86%
Sumatran Rhino, Javan Rhino Indonesia
86%
Sumatran Rhino Malaysia
82%
White Rhino Uganda
81%
Black Rhino Malawi
70%
Greater one-horned Rhino Nepal
56%
White Rhino, Black Rhino Swaziland
50%
No matching quizzes found
Score Distribution
Percent of People with Each Score
Percentile by Number Answered
Your Score History
You have not taken this quiz